000 02928cam a2200637 i 4500
001 xx004960142
003 NUKAT
005 20260428124426.0
008 201002s2020 pl a g |001 0dpol c
020 _a9788380989481
_q(oprawa twarda) :
_czł 35.00
035 _a(OCoLC)1199641117
035 _a(NUKAT)xx004960142
040 _aSIEDL 001/WS
_bpol
_erda
_cSIEDL 001/WS
_dGD U/MJs
_dOLSZT 008/bak
045 2 _bd1941
_bd1945
046 _k2020
100 1 _aJacewicz, Wiktor.
_eAutor
_940786
245 1 0 _aListy z KL Dachau Wiktora Jacewicza SDB /
_cpod redakcją Jarosława Wąsowicza ; opracowanie dokumentów Jacek Brakowski, Krzysztof Kolasa, Rafał Sierchuła, Jarosław Wąsowicz ; Instytut Pamięci Narodowej. Komisja Ścigania Zbrodni przeciwko Narodowi Polskiemu. Oddział w Poznaniu.
260 _aPoznań :
_bInstytut Pamięci Narodowej,
_c2020.
300 _a232 strony, [15] stron tablic ;
_c25 cm.
336 _aTekst
_btxt
_2rdacontent
337 _aBez urządzenia pośredniczącego
_bn
_2rdamedia
338 _aWolumin
_bnc
_2rdacarrier
380 _aKsiążki
380 _aLiteratura faktu, eseje, publicystyka
380 _aPublikacje naukowe
386 _mPrzynależność kulturowa
_aLiteratura polska
388 1 _a2001-
490 1 _aStudia i Materiały Poznańskiego IPN ;
_vt. 48
490 1 _aCentralny Projekt Badawczy IPN Losy Polski i jej Obywateli w Latach II Wojny Światowej
504 _aBibliografia, netografia na stronach 215-225. Indeks.
600 1 7 _aJacewicz, Stanisława
_d(1905-1987)
_2DBN
_940790
600 1 7 _aJacewicz, Wiktor
_d(1909-1985)
_2DBN
_940786
600 1 7 _aJacewicz, Wiktor
_vkorespondencja.
_2kaba
_940786
610 2 7 _aDachau (niemiecki obóz koncentracyjny)
_2DBN
_940664
610 2 7 _aSalezjanie
_2DBN
_940791
648 7 _a1901-2000
_2DBN
_934996
648 7 _a1939-1945
_2DBN
_936042
650 7 _aDuchowieństwo katolickie
_2DBN
_935375
650 7 _aWięźniowie obozów
_2DBN
_936983
651 7 _aPolska
_2DBN
_935076
651 7 _aDachau (Niemcy ; obóz koncentracyjny)
_vrelacje osobiste.
_2kaba
_932271
655 7 _aEdycja krytyczna
_2DBN
_935006
655 7 _aListy
_2DBN
_937131
655 7 _aPraca zbiorowa
_2DBN
_935107
655 7 _aWydawnictwo źródłowe
_2DBN
_935066
658 _aHistoria
700 1 _aWąsowicz, Jarosław
_d(1973- ).
_eRedakcja
_940787
700 1 _aBrakowski, Jacek
_d(1971- ).
_eRedakcja
_940788
700 1 _aKolasa, Krzysztof
_d(1973- ).
_eRedakcja
_940789
700 1 _aSierchuła, Rafał
_d(1968- ).
_eRedakcja
_918352
710 2 _aInstytut Pamięci Narodowej - Komisja Ścigania Zbrodni przeciwko Narodowi Polskiemu.
_bOddział (Poznań).
_eInstytucja sprawcza
_eWydawca
_4pbl
_914052
830 0 _aStudia i Materiały Poznańskiego IPN
_vt. 48
_914053
830 0 _aLosy Polski i jej Obywateli w Latach II Wojny Światowej
_939936
920 _a978-83-8098-948-1 (oprawa twarda) : zł 35.00
942 _2ddc
_cBK_NM
999 _c27839
_d27839